00570nam a2200169 4500001000700000003000900007005001700016007000300033008004100036100003900077245012000116250002500236260005100261300003000312650003700342852002100379145377ES-MaACL20230906201223.0t|070214s1967 sp r ||||1| spa d1 aSoroa y Pineda, José María de.10aElayotecnia b: extracción, mejora, empleos y subproductos del aceite de oliva / cJosé María Soroa y Pineda. a6ª ed. corr. y aum. aMadrid : bDossat, c1967 (fTip. Artística) a500 p. : bil. ; c23 cm. aAceite de oliva-xElaboración. aES-MaACLjA-6008